Statistics for management (Record no. 1446)

MARC details
000 -LEADER
Fixed length control field 00489nam a2200181 4500
003 - CONTROL NUMBER IDENTIFIER
Control field SEACOMEC
005 - DATE AND TIME OF LATEST TRANSACTION
Control field 20240720134255.0
008 - FIXED-LENGTH DATA ELEMENTS--GENERAL INFORMATION
Fixed length control field 240720b |||||||| |||| 00| 0 eng d
020 ## - INTERNATIONAL STANDARD BOOK NUMBER / ISBN
International Standard Book Number 978-93-325-8118-0
Price Rs.495.00
040 ## - CATALOGING SOURCE
Original cataloging agency SEACOMEC
082 ## - DEWEY DECIMAL CLASSIFICATION NUMBER
Classification number 658.0015195
Book Number L665
100 ## - MAIN ENTRY--PERSONAL NAME
Personal name Levin, Richard I
245 1# - TITLE STATEMENT
Title Statistics for management
Statement of responsibility Richard I Levin ....(Et Al.)
250 ## - EDITION STATEMENT
Edition statement 7th ed.
260 ## - IMPRINT
Place of publication New Delhi
Name of publisher Prentice hall
Date of publication 2007
650 ## - SUBJECT ADDED ENTRY--TOPICAL TERM
Topical term Statistics
942 ## - ADDED ENTRY ELEMENTS (KOHA)
Koha item type Books
Holdings
Withdrawn status Lost status Source of classification Damaged status Not for loan Home library Current library Date acquired Total Checkouts Call number Accession number Date last seen Price effective from Koha item type Copy number
    Dewey Decimal Classification     SEACOM ENGINEERING COLLEGE SEACOM ENGINEERING COLLEGE 01/04/2008   658.0015195 L665 10476 20/07/2024 20/07/2024 Books  
    Dewey Decimal Classification     SEACOM ENGINEERING COLLEGE SEACOM ENGINEERING COLLEGE 01/04/2008   658.0015195 L665 10477 20/07/2024 20/07/2024 Books 1
© Seacom Engineering College, All rights reserved.      Powered by Koha